The qualitative inquiry reader (Record no. 66338)

MARC details
000 -LEADER
fixed length control field 00844nam a2200265Ia 4500
008 - FIXED-LENGTH DATA ELEMENTS--GENERAL INFORMATION
fixed length control field 191130s2002##################000#0#eng##
020 ## - INTERNATIONAL STANDARD BOOK NUMBER
ISBN 9780761924920
082 ## - DEWEY DECIMAL CLASSIFICATION NUMBER
Classification number 301.0723 DEN
245 ## - TITLE STATEMENT
Title The qualitative inquiry reader
Statement of responsibility, etc Norman K. Denzin, Yvonna S. Lincoln, editors
260 ## - PUBLICATION, DISTRIBUTION, ETC. (IMPRINT)
Place of publication Thousand Oaks, CA
Name of publisher SAGE Publications
Year of publication c2002
300 ## - PHYSICAL DESCRIPTION
Number of Pages xvi, 399 p. : ill. ; 23 cm.
500 ## - GENERAL NOTE
General note Includes bibliographical references and indexes
650 ## - SUBJECT ADDED ENTRY--TOPICAL TERM
Topical Term Ethnology - Fieldwork
Topical Term Ethnology - Qualitative research
Topical Term Qualitative Research
Topical Term Sociology - Fieldwork
Topical Term Sociology - Methodology
700 ## - ADDED ENTRY--PERSONAL NAME
Personal name Denzin, Norman K
Personal name Lincoln, Yvonna S
991 ## -
-- 223072
Holdings
Withdrawn status Lost status Damaged status Not for loan Home library Current library Shelving location Date acquired Full call number Accession Number Price effective from Koha item type
        Anna Centenary Library Anna Centenary Library 3RD FLOOR, B WING 09.10.2020 301.0723 DEN 162236 09.10.2020 English Books

Find us on the map